|
|
|
|
| LEADER |
01005pam a22002658a 4500 |
| 001 |
00042043 |
| 005 |
20180813080829.0 |
| 008 |
110608s1985 ||||||Viesd |
| 020 |
# |
# |
|a 9786045326787
|
| 041 |
0 |
# |
|a Vie
|
| 082 |
1 |
4 |
|a 895.922 09
|b G434PH
|
| 100 |
1 |
# |
|a Phương, Lựu
|
| 245 |
0 |
0 |
|a Góp phần xác lập hệ thống quan niệm văn học trung đại Việt Nam
|c Phương Lựu
|b Lý luận phê bình
|
| 260 |
# |
# |
|a Hà Nội
|b Hội nhà văn
|c 2014
|
| 300 |
# |
# |
|a 451 tr.
|c 21 cm.
|b ảnh
|
| 490 |
# |
# |
|a Tác phẩm văn học được giải thưởng Nhà nước
|
| 653 |
# |
# |
|a Giải thưởng
|
| 653 |
# |
# |
|a Nghiên cứu văn học
|
| 653 |
# |
# |
|a Quan niệm
|
| 653 |
# |
# |
|a Tác phẩm
|
| 653 |
# |
# |
|a Việt Nam
|
| 653 |
# |
# |
|a Văn học trung đại
|
| 852 |
# |
# |
|j KD.0023933
|j KM.0025479
|j KM.0025526
|j KM.0026145
|
| 910 |
|
|
|d 13/08/2018
|
| 980 |
# |
# |
|a Trung tâm Học liệu Lê Vũ Hùng, Trường Đại học Đồng Tháp
|